International games : building skills through multicultural play (Record no. 252896)
[ view plain ]
| 000 -LEADER | |
|---|---|
| fixed length control field | 00311nam a2200097Ia 4500 |
| 082 ## - DEWEY DECIMAL CLASSIFICATION NUMBER | |
| Classification number | 790.1 HORO |
| 008 - FIXED-LENGTH DATA ELEMENTS--GENERAL INFORMATION | |
| fixed length control field | 210817s9999 xx 000 0 und d |
| 100 ## - MAIN ENTRY--PERSONAL NAME | |
| Personal name | Horowitz, Gayle L, 1971- Champaign,, [c.2009] |
| 9 (RLIN) | 76183 |
| 245 #0 - TITLE STATEMENT | |
| Title | International games : building skills through multicultural play |
| 942 ## - ADDED ENTRY ELEMENTS | |
| item type | Books |
| Withdrawn status | Lost status | Damaged status | Not for loan | Home library | Current library | Date acquired | Cost, normal purchase price | Total Checkouts | Barcode | Date last seen | Price effective from | item type |
|---|---|---|---|---|---|---|---|---|---|---|---|---|
| Secunda | Secunda | 18.08.2021 | 240.00 | 33228022250888 | 18.08.2021 | 18.08.2021 | Books |